Cesta k lojálnemu zákazníkovi

Technika kritických incidentov, ako aj samotné kritické incidenty vzbudzujúce záujem manažérov spoločností poskytujúcich služby. Význam týchto situácií pre zákaznícky vzťah. Cielené sústredenie úspešných hotelov vo svete na manažment kritických incidentov. Výsledky rozsiahleho výskumu zameraného na...

Descripción completa

Guardado en:
Detalles Bibliográficos
Autor principal: Schnorrer, Milan
Otros Autores: Magula, Vladimír
Formato: Capítulo de libro
Lenguaje:eslovaco
Materias:
Etiquetas: Agregar Etiqueta
Sin Etiquetas, Sea el primero en etiquetar este registro!

MARC

LEADER 00000naa$a2200000$$$4500
001 0098538
005 20231011125332.0
041 0 |a slo 
044 |a SK 
245 1 0 |a Cesta k lojálnemu zákazníkovi  |c Milan Schnorrer, Vladimír Magula 
520 |a Technika kritických incidentov, ako aj samotné kritické incidenty vzbudzujúce záujem manažérov spoločností poskytujúcich služby. Význam týchto situácií pre zákaznícky vzťah. Cielené sústredenie úspešných hotelov vo svete na manažment kritických incidentov. Výsledky rozsiahleho výskumu zameraného na analýzu kvality služieb slovenských hotelov. Prevaha pozitívnych kritických incidentov pri návštevách slovenských hotelov - konkurenčná výhoda hotelov. 
610 2 0 |a hotely 
610 2 0 |a manažment 
610 2 0 |a zákazníci 
610 2 0 |a lojálnosť zákazníkov 
610 2 0 |a služby 
610 2 0 |a kvalita 
610 2 0 |a prieskum informačný 
100 1 |a Schnorrer, Milan 
700 1 |a Magula, Vladimír